000 00635nam a2200277Ia 4500
005 20260324114305.0
008 008 260324s9999 xx 000 0 eng d
020 _a9781003133025
037 _aEBOOK
040 _aCRL
040 _beng
040 _cCRL
041 _2eng
041 _aeng
084 _qCRL
100 _aMario Klarer
_9998064
245 3 _aAn Introduction to Literary Studies
260 _bTaylor and Francis
260 _c2023
365 _a
365 _b230
856 _uhttp://www.taylorfrancis.com/books/9781003133025
942 _cEBOOK
999 _c1740282
_d1740282